[Event "Ogolnopolski Turniej Fianchetto"]
[Site "Jastrzebia Gora"]
[Date "2015.??.??"]
[Round "2.9"]
[White "Wroblewski, Mieczyslaw"]
[Black "Winiarski, Kazimierz"]
[Result "1/2-1/2"]
[WhiteElo "1773"]
[BlackElo "1934"]
[PlyCount "25"]
[EventDate "2015.??.??"]

1. e4 c5 2. Nf3 d6 3. d4 cxd4 4. Nxd4 Nf6 5. Nc3 a6 6. Bc4 e6 7. a3 Nc6 8. Nf3
h6 9. O-O Be7 10. h3 O-O 11. Bf4 b5 12. Ba2 Bb7 13. e5 1/2-1/2

[Event "Ogolnopolski Turniej Fianchetto"]
[Site "Jastrzebia Gora"]
[Date "2015.??.??"]
[Round "2.10"]
[White "Miozga, Tomasz"]
[Black "Jagiela, Piotr"]
[Result "1-0"]
[WhiteElo "1926"]
[BlackElo "1696"]
[PlyCount "104"]
[EventDate "2015.??.??"]

1. c4 e5 2. Nc3 f5 3. g3 Nf6 4. Bg2 d6 5. e3 c6 6. Nge2 Be7 7. b3 Be6 8. d4 O-O
9. d5 Bf7 10. dxc6 Nxc6 11. O-O a6 12. e4 fxe4 13. Nxe4 Nxe4 14. Bxe4 Qc7 15.
Be3 Rad8 16. Qd3 h6 17. a3 Bf6 18. Rad1 Ne7 19. Nc3 Kh8 20. Rd2 g5 21. Rfd1 Kg7
22. Na4 Nc8 23. Qc3 Rfe8 24. Qb4 Be7 25. Qxb7 Qxb7 26. Bxb7 a5 27. Bc6 Rh8 28.
Nc3 d5 29. Bxd5 Bxa3 30. Bxf7 Rxd2 31. Rxd2 Kxf7 32. Rd5 Ne7 33. Rxe5 Bb2 34.
Bc5 Ng6 35. Re3 Rd8 36. Kg2 Rd2 37. Ne4 Rd1 38. Nd6+ Kf6 39. Re2 Be5 40. Ne4+
Kf5 41. Nd2 Bc3 42. Nf1 Kf6 43. Rc2 Be5 44. Bb6 Rb1 45. Bxa5 Rxb3 46. c5 Ra3
47. Bd8+ Ke6 48. c6 Rc3 49. Rxc3 Bxc3 50. Ne3 Be5 51. c7 Kd7 52. Nd5 Bd4 1-0

[Event "Ogolnopolski Turniej Fianchetto"]
[Site "Jastrzebia Gora"]
[Date "2015.??.??"]
[Round "2.11"]
[White "Janocha, Jan"]
[Black "Zarow, Andrzej"]
[Result "0-1"]
[WhiteElo "1736"]
[BlackElo "1906"]
[PlyCount "50"]
[EventDate "2015.??.??"]

1. e4 g6 2. d4 Bg7 3. f4 c5 4. c3 cxd4 5. cxd4 Nc6 6. Nf3 Qb6 7. e5 d6 8. Nc3
dxe5 9. fxe5 Bg4 10. Bb5 O-O-O 11. Bxc6 bxc6 12. Na4 Qb5 13. Nc3 Qc4 14. Bf4
Bxf3 15. Qxf3 Rxd4 16. Ne2 Rd3 17. Qf2 Qb4+ 18. Kf1 Nh6 19. Qxa7 Rhd8 20. Rc1
Qb7 21. Qxb7+ Kxb7 22. h3 Nf5 23. Kf2 R8d5 24. g4 Nh4 25. Bg3 Rf3+ 0-1

[Event "Ogolnopolski Turniej Fianchetto"]
[Site "Jastrzebia Gora"]
[Date "2015.??.??"]
[Round "2.13"]
[White "Krzystala, Henryk"]
[Black "Barnowski, Sylwester"]
[Result "0-1"]
[WhiteElo "1575"]
[BlackElo "1893"]
[PlyCount "53"]
[EventDate "2015.??.??"]

1. Nf3 d5 2. d4 Bf5 3. c3 Nc6 4. g3 Qd7 5. Bg2 Nf6 6. Nbd2 Bh3 7. Bxh3 Qxh3 8.
Rg1 h6 9. Qb3 O-O-O 10. Qc2 e6 11. e4 Ng4 12. Nf1 dxe4 13. Qxe4 Nf6 14. Qh4
Qxh4 15. Nxh4 e5 16. dxe5 Nxe5 17. Ke2 Nd3 18. Kf3 Bc5 19. Ne3 Nd5 20. Nxd5
Rxd5 21. Rf1 Re8 22. Be3 Bxe3 23. fxe3 g5 24. Ng2 Nxb2 25. Rab1 Nc4 26. Ke2
Rd2+ 27. Kf3 0-1

[Event "Ogolnopolski Turniej Fianchetto"]
[Site "Jastrzebia Gora"]
[Date "2015.??.??"]
[Round "2.15"]
[White "Karolak, Jan"]
[Black "Szynwelski, Ryszard"]
[Result "1-0"]
[WhiteElo "1832"]
[BlackElo "1275"]
[PlyCount "41"]
[EventDate "2015.??.??"]

1. Nf3 d5 2. g3 e6 3. Bg2 Nc6 4. d4 g6 5. O-O Bg7 6. c3 Nge7 7. Nbd2 O-O 8. e4
dxe4 9. Nxe4 Rb8 10. Bf4 b6 11. Ne5 Bb7 12. Qe2 Qc8 13. Rac1 Rd8 14. Bg5 Re8
15. Nf6+ Bxf6 16. Bxf6 Nd5 17. Bg5 Nd8 18. Qg4 c6 19. c4 f6 20. cxd5 fxg5 21.
dxc6 1-0

[Event "Ogolnopolski Turniej Fianchetto"]
[Site "Jastrzebia Gora"]
[Date "2015.??.??"]
[Round "2.17"]
[White "Budnik, Kazimierz"]
[Black "Szydlowski, Wiktor"]
[Result "0-1"]
[WhiteElo "1250"]
[BlackElo "1787"]
[PlyCount "31"]
[EventDate "2015.??.??"]

1. e4 e5 2. Nf3 Nc6 3. Bc4 Bc5 4. d3 h6 5. a3 d6 6. b4 Bb6 7. Bb2 Nf6 8. h3 O-O
9. Nc3 a6 10. Nd5 Nxd5 11. Bxd5 Ne7 12. Bb3 Ng6 13. d4 Qf6 14. d5 Nf4 15. O-O
Qg6 16. g3 0-1

[Event "Ogolnopolski Turniej Fianchetto"]
[Site "Jastrzebia Gora"]
[Date "2015.??.??"]
[Round "2.19"]
[White "Rogalski, Krzysztof"]
[Black "Kopij, Jozef"]
[Result "1-0"]
[WhiteElo "1788"]
[BlackElo "1382"]
[PlyCount "27"]
[EventDate "2015.??.??"]

1. d4 e6 2. e4 c5 3. c3 cxd4 4. cxd4 Bb4+ 5. Nc3 h6 6. Bd3 Nf6 7. Nge2 O-O 8.
O-O Re8 9. e5 Bxc3 10. exf6 Qxf6 11. bxc3 b6 12. Bf4 Bb7 13. Be5 Qe7 14. Ng3
1-0

[Event "Ogolnopolski Turniej Fianchetto"]
[Site "Jastrzebia Gora"]
[Date "2015.??.??"]
[Round "2.20"]
[White "Pilecki, Jozef"]
[Black "Olszewski, Jerzy"]
[Result "0-1"]
[WhiteElo "1371"]
[BlackElo "1681"]
[PlyCount "72"]
[EventDate "2015.??.??"]

1. e4 e5 2. Bc4 Nf6 3. d3 Bc5 4. Be3 Bb6 5. Qe2 d6 6. h3 Nc6 7. a3 Nd4 8. Qd2
Be6 9. Bxe6 fxe6 10. c3 Nb3 11. Qd1 Nxa1 12. Nd2 O-O 13. Bxb6 axb6 14. Qxa1 Nh5
15. g3 Qf6 16. Ngf3 Rf7 17. Qd1 Raf8 18. Qe2 g6 19. Qe3 Qe7 20. Rf1 Kg7 21. Ke2
Nf6 22. Ng5 Qd7 23. Nxf7 Rxf7 24. b3 Qc6 25. c4 Nd7 26. b4 Qa4 27. Nb1 c5 28.
b5 Qb3 29. f3 d5 30. Qc1 Nf6 31. Qe3 Qa2+ 32. Qd2 Qb3 33. Qc3 dxc4 34. dxc4
Qa2+ 35. Qd2 Qxc4+ 36. Kf2 Nxe4+ 0-1

[Event "Ogolnopolski Turniej Fianchetto"]
[Site "Jastrzebia Gora"]
[Date "2015.??.??"]
[Round "2.21"]
[White "Grabczynski, Zdzislaw"]
[Black "Jurkiewicz, Kazimierz"]
[Result "1-0"]
[WhiteElo "1659"]
[BlackElo "1336"]
[PlyCount "67"]
[EventDate "2015.??.??"]

1. d4 c6 2. c4 d5 3. Nc3 e6 4. a3 Nf6 5. Bg5 Be7 6. f4 h6 7. Bh4 Nh7 8. Bxe7
Qxe7 9. Nf3 Nf6 10. e3 b6 11. b4 a6 12. c5 b5 13. Ne5 Bb7 14. Bd3 Nbd7 15. O-O
O-O-O 16. a4 Kc7 17. axb5 cxb5 18. h3 Nxe5 19. fxe5 Nd7 20. Qe2 Nb8 21. Bxb5
axb5 22. Nxb5+ Kc8 23. Nd6+ Rxd6 24. exd6 Qd7 25. b5 f5 26. Rfc1 Rf8 27. Ra7
Nc6 28. bxc6 Qxc6 29. Rb1 Rf7 30. Rb6 Qd7 31. Qh5 Kb8 32. Raxb7+ Qxb7 33. Rxb7+
Rxb7 34. Qe8+ 1-0

[Event "Ogolnopolski Turniej Fianchetto"]
[Site "Jastrzebia Gora"]
[Date "2015.??.??"]
[Round "2.22"]
[White "Grabarczyk, Edmund"]
[Black "Radwan, Jan"]
[Result "1-0"]
[WhiteElo "1284"]
[BlackElo "1592"]
[PlyCount "65"]
[EventDate "2015.??.??"]

1. e4 c5 2. Nf3 Nc6 3. Nc3 a6 4. d4 cxd4 5. Nxd4 Ne5 6. f4 Ng6 7. Be2 b5 8. a3
Bb7 9. O-O e6 10. Kh1 Nf6 11. f5 exf5 12. Nxf5 Qc7 13. Bf3 Ne5 14. Bf4 d6 15.
Nd5 Nxd5 16. exd5 g6 17. Nd4 Bg7 18. Re1 O-O 19. c3 Rad8 20. Rc1 Rd7 21. b3
Nxf3 22. Qxf3 Qc5 23. Nc6 Qxa3 24. c4 bxc4 25. Rxc4 Qb2 26. h4 Qf6 27. Qg3 Kh8
28. Rce4 h5 29. Re8 Bxc6 30. Rxf8+ Bxf8 31. dxc6 Re7 32. Bg5 Rxe1+ 33. Qxe1 1-0

[Event "Ogolnopolski Turniej Fianchetto"]
[Site "Jastrzebia Gora"]
[Date "2015.??.??"]
[Round "2.23"]
[White "Piasecki, Stanislaw"]
[Black "Gackowski, Marian"]
[Result "1-0"]
[WhiteElo "1589"]
[BlackElo "1223"]
[PlyCount "46"]
[EventDate "2015.??.??"]

1. d4 d5 2. c4 e6 3. Nc3 Nc6 4. e3 Nf6 5. Nf3 Be7 6. a3 O-O 7. Bd3 Re8 8. O-O
Bd6 9. c5 Be7 10. Qc2 h6 11. b4 a6 12. h3 b5 13. Bd2 Bd7 14. Rfb1 Qc8 15. Ne2
e5 16. dxe5 Nxe5 17. Nxe5 Bxh3 18. gxh3 Qxh3 19. Bf5 Qh4 20. Nf3 Qh5 21. Kg2
Ne4 22. Ng3 Nxg3 23. fxg3 f6 1-0

[Event "Ogolnopolski Turniej Fianchetto"]
[Site "Jastrzebia Gora"]
[Date "2015.??.??"]
[Round "2.24"]
[White "Kudlacik, Jan"]
[Black "Woda, Janusz"]
[Result "0-1"]
[WhiteElo "1274"]
[BlackElo "1588"]
[PlyCount "70"]
[EventDate "2015.??.??"]

1. e4 e5 2. Nf3 Nc6 3. Bb5 a6 4. Bxc6 dxc6 5. h3 Bd6 6. O-O Nf6 7. d3 h6 8.
Nbd2 b5 9. c3 O-O 10. b4 a5 11. bxa5 Rxa5 12. Nb3 Ra6 13. Be3 Be6 14. Qc2 Bxb3
15. axb3 Qa8 16. Rxa6 Qxa6 17. d4 Nd7 18. Rc1 Ra8 19. Qd1 Qa2 20. b4 Ra3 21.
Qc2 Qc4 22. Qd1 Rxc3 23. Rxc3 Qxc3 24. dxe5 Nxe5 25. Nxe5 Qxe5 26. g3 Qxe4 27.
Qd2 Qxb4 28. Qc2 c5 29. Qf5 Qc4 30. g4 Qe6 31. Qf3 b4 32. Qa8+ Kh7 33. Qa5 Qe5
34. Qa8 Qh2+ 35. Kf1 Qxh3+ 0-1

[Event "Ogolnopolski Turniej Fianchetto"]
[Site "Jastrzebia Gora"]
[Date "2015.??.??"]
[Round "2.25"]
[White "Fojcik, Krzysztof"]
[Black "Krupecka-czarkowska, Danuta"]
[Result "1-0"]
[WhiteElo "1582"]
[BlackElo "1091"]
[PlyCount "83"]
[EventDate "2015.??.??"]

1. e4 e6 2. d4 d6 3. Nf3 Nf6 4. Nc3 Be7 5. Be3 Nc6 6. Bb5 Bd7 7. O-O a6 8. Bd3
Nb4 9. a3 Nxd3 10. Qxd3 Qb8 11. Bg5 h6 12. Bh4 Qd8 13. e5 Nh7 14. Bxe7 Qxe7 15.
Rad1 Bc6 16. Rfe1 Nf8 17. d5 Bd7 18. Qe4 Ng6 19. dxe6 Bxe6 20. Qxb7 Qd8 21.
exd6 Qb8 22. Qc6+ Kf8 23. dxc7 Qc8 24. Rd8+ Qxd8 25. cxd8=Q+ Rxd8 26. Qxa6 Ne7
27. Nb5 g6 28. Nc7 Kg7 29. Nxe6+ fxe6 30. Qxe6 Rde8 31. Ne5 Rhg8 32. Qf7+ Kh8
33. Nxg6+ Nxg6 34. Rxe8 Rf8 35. Rxf8+ Nxf8 36. Qxf8+ Kh7 37. Qf7+ Kh8 38. c4 h5
39. c5 h4 40. c6 h3 41. c7 hxg2 42. c8=R# 1-0

[Event "Ogolnopolski Turniej Fianchetto"]
[Site "Jastrzebia Gora"]
[Date "2015.??.??"]
[Round "2.26"]
[White "Nasalski, Leon"]
[Black "Zelajtys, Jozef"]
[Result "0-1"]
[WhiteElo "1141"]
[BlackElo "1581"]
[PlyCount "21"]
[EventDate "2015.??.??"]

1. e4 e6 2. f4 d5 3. d3 dxe4 4. dxe4 Qxd1+ 5. Kxd1 Nf6 6. Nc3 Bb4 7. a3 Bxc3 8.
bxc3 Nxe4 9. Be3 Nxc3+ 10. Ke1 Nc6 11. Bb5 0-1

[Event "Ogolnopolski Turniej Fianchetto"]
[Site "Jastrzebia Gora"]
[Date "2015.??.??"]
[Round "2.27"]
[White "Flis, Jozef"]
[Black "Kondrusik, Aleksander"]
[Result "0-1"]
[WhiteElo "1070"]
[BlackElo "1554"]
[PlyCount "84"]
[EventDate "2015.??.??"]

1. Nc3 d6 2. e3 c5 3. Nf3 Nf6 4. d4 cxd4 5. exd4 e6 6. b3 Be7 7. Bc4 O-O 8. Bd3
b6 9. O-O Bb7 10. Be2 Nbd7 11. Be3 a6 12. a4 Rc8 13. Qd3 Qc7 14. Bd2 d5 15. Ng5
h6 16. Nf3 Bb4 17. Na2 Bxd2 18. Qxd2 Qxc2 19. Qxc2 Rxc2 20. Bd1 Rc7 21. Be2
Rfc8 22. Rfd1 Ne4 23. Nc1 Nc3 24. Rd2 a5 25. Na2 Nxe2+ 26. Rxe2 Kf8 27. h3 Ke7
28. Kh2 Rc2 29. Rxc2 Rxc2 30. Kg3 Nf6 31. Ne5 Ne4+ 32. Kh2 Nxf2 33. Nc1 f6 34.
Ng4 Nxg4+ 35. hxg4 Ba6 36. Kg3 Kd6 37. Kh2 e5 38. dxe5+ fxe5 39. Kh3 g5 40. Na2
e4 41. b4 Bc4 42. bxa5 bxa5 0-1

[Event "Ogolnopolski Turniej Fianchetto"]
[Site "Jastrzebia Gora"]
[Date "2015.??.??"]
[Round "2.1"]
[White "Kaukiel, Piotr"]
[Black "Les, Czeslaw"]
[Result "1-0"]
[WhiteElo "2198"]
[BlackElo "1874"]
[PlyCount "67"]
[EventDate "2015.??.??"]

1. Nf3 d5 2. g3 c5 3. Bg2 Nc6 4. d4 cxd4 5. Nxd4 e5 6. Nxc6 bxc6 7. O-O Nf6 8.
c4 Be7 9. Nc3 e4 10. cxd5 cxd5 11. Bg5 Be6 12. Qa4+ Bd7 13. Qa6 Bc8 14. Qa4+
Bd7 15. Qc2 Rc8 16. Rfd1 Qa5 17. Qb3 O-O 18. Nxd5 Nxd5 19. Bxe7 Nxe7 20. Rxd7
Qe5 21. Rad1 Rb8 22. Qc3 Ng6 23. Qxe5 Nxe5 24. R7d5 Ng4 25. b3 f5 26. h3 Nh6
27. e3 Rbc8 28. Bf1 g5 29. Bc4 Kg7 30. Rd7+ Kg6 31. R1d6+ Rf6 32. Rxf6+ Kxf6
33. Rxh7 Ng8 34. Rxa7 1-0

[Event "Ogolnopolski Turniej Fianchetto"]
[Site "Jastrzebia Gora"]
[Date "2015.??.??"]
[Round "3.2"]
[White "Zarow, Andrzej"]
[Black "Mackowiak, Marek"]
[Result "0-1"]
[WhiteElo "1906"]
[BlackElo "2123"]
[PlyCount "76"]
[EventDate "2015.??.??"]

1. b3 d5 2. Bb2 Nf6 3. e3 g6 4. c4 dxc4 5. Bxc4 Bg7 6. Nc3 O-O 7. Nf3 c6 8. a4
Ne4 9. Qc2 Nd6 10. Be2 Bf5 11. d3 Na6 12. Na2 Qa5+ 13. Nd2 Nb4 14. Nxb4 Qxb4
15. Bxg7 Kxg7 16. O-O f6 17. Nc4 Rad8 18. e4 Be6 19. Rab1 Ne8 20. Ne3 Nc7 21.
f4 Na6 22. f5 Bf7 23. fxg6 hxg6 24. Rf3 Rg8 25. Rg3 Kf8 26. Ng4 Rh8 27. Qc1
Qd4+ 28. Kh1 Nc5 29. e5 f5 30. Nh6 Qxe5 31. Nxf7 Kxf7 32. Qg5 Rd6 33. d4 Qxe2
34. Re3 Ne6 35. Qg3 f4 36. Rf3 Kg7 37. Qg4 Rxd4 38. Rbf1 Rd1 0-1

[Event "Ogolnopolski Turniej Fianchetto"]
[Site "Jastrzebia Gora"]
[Date "2015.??.??"]
[Round "3.3"]
[White "Pioch, Zygmunt"]
[Black "Zarow, Zdzislaw"]
[Result "1-0"]
[WhiteElo "2057"]
[BlackElo "1901"]
[PlyCount "101"]
[EventDate "2015.??.??"]

1. e4 e5 2. Nf3 d6 3. d4 exd4 4. Nxd4 Be7 5. Nc3 c6 6. a4 Nd7 7. Nf5 Ne5 8.
Nxg7+ Kf8 9. Nh5 Bg4 10. Be2 Bxe2 11. Qxe2 h6 12. O-O Nf6 13. Ng3 Ke8 14. a5
Rg8 15. Re1 Kd7 16. f4 Ng6 17. e5 Ne8 18. e6+ Kc7 19. exf7 Rf8 20. fxe8=Q Rxe8
21. Bd2 Qd7 22. Qe6 Nf8 23. Qxd7+ Kxd7 24. Re2 d5 25. Rae1 Bc5+ 26. Kf1 Ne6 27.
Nf5 h5 28. g3 Rf8 29. Rxe6 Rxf5 30. Rh6 Raf8 31. Ne2 R8f7 32. Bc3 Bf8 33. Rh8
c5 34. a6 b5 35. b4 d4 36. Bd2 Kc6 37. bxc5 Kxc5 38. Nc1 Kd5 39. Nd3 Rc7 40.
Ba5 Rcf7 41. Kg2 R7f6 42. Rb1 Ke4 43. Re1+ Kd5 44. Kf3 b4 45. Bxb4 Bxb4 46.
Nxb4+ Kc4 47. Rb8 Rb5 48. Rxb5 Kxb5 49. Rb1 Kc4 50. h3 Rb6 51. f5 1-0

[Event "Ogolnopolski Turniej Fianchetto"]
[Site "Jastrzebia Gora"]
[Date "2015.??.??"]
[Round "3.4"]
[White "Barnowski, Sylwester"]
[Black "Pojedziniec, Wladyslaw"]
[Result "0-1"]
[WhiteElo "1893"]
[BlackElo "2048"]
[PlyCount "60"]
[EventDate "2015.??.??"]

1. d4 Nf6 2. Nf3 g6 3. c4 Bg7 4. Nc3 O-O 5. e4 d6 6. Be2 c6 7. O-O e5 8. d5 c5
9. a3 Na6 10. h3 Nh5 11. Nh2 Nf4 12. Bxf4 exf4 13. Qd2 g5 14. Rab1 Nb8 15. b4
b6 16. bxc5 bxc5 17. Rb3 Nd7 18. Nf3 Re8 19. Bd3 Ne5 20. Nxe5 Bxe5 21. f3 h5
22. Be2 g4 23. fxg4 hxg4 24. Bxg4 Bxg4 25. hxg4 Bd4+ 26. Rf2 Rb8 27. Rxb8 Qxb8
28. Qxf4 Bxf2+ 29. Kxf2 Qb2+ 30. Ne2 Qe5 0-1

[Event "Ogolnopolski Turniej Fianchetto"]
[Site "Jastrzebia Gora"]
[Date "2015.??.??"]
[Round "3.5"]
[White "Przybyl, Jozef"]
[Black "Wojcieszyn, Zdzislaw"]
[Result "1/2-1/2"]
[WhiteElo "1801"]
[BlackElo "1982"]
[PlyCount "54"]
[EventDate "2015.??.??"]

1. e4 c5 2. Nc3 Nc6 3. g3 g6 4. Bg2 Bg7 5. d3 e6 6. f4 Nge7 7. Nf3 O-O 8. O-O
Rb8 9. Ne2 d5 10. e5 d4 11. Ng5 Nd5 12. Ne4 Qb6 13. Kh1 Nce7 14. Nd6 Bd7 15. c3
Bc6 16. cxd4 cxd4 17. Nc4 Qc5 18. Bd2 b5 19. Nd6 Ne3 20. Bxe3 Bxg2+ 21. Kxg2
dxe3 22. d4 Qd5+ 23. Kg1 f6 24. Nc3 Qc6 25. Rc1 fxe5 26. dxe5 Qb6 27. Kg2 b4
1/2-1/2

[Event "Ogolnopolski Turniej Fianchetto"]
[Site "Jastrzebia Gora"]
[Date "2015.??.??"]
[Round "3.6"]
[White "Bakalarz, Leszek"]
[Black "Czech, Mieczyslaw"]
[Result "1-0"]
[WhiteElo "2124"]
[BlackElo "1860"]
[PlyCount "67"]
[EventDate "2015.??.??"]

1. e4 c5 2. Nf3 d6 3. d4 cxd4 4. Nxd4 Nf6 5. Nc3 a6 6. Bg5 e6 7. f4 Be7 8. Qf3
Qc7 9. O-O-O Nbd7 10. g4 b5 11. Bxf6 gxf6 12. f5 Ne5 13. Qh3 b4 14. Nce2 exf5
15. gxf5 Bb7 16. Bg2 O-O-O 17. Nf4 h5 18. Kb1 Kb8 19. Nd5 Bxd5 20. exd5 Ka7 21.
Nc6+ Nxc6 22. dxc6 d5 23. Bxd5 Bc5 24. Qb3 Rhf8 25. Qc4 Kb6 26. h4 Rd6 27. Bf3
Rfd8 28. Rxd6 Rxd6 29. Be2 Qa7 30. Bxh5 Kxc6 31. c3 bxc3 32. b4 Qb6 33. Bf3+
Kc7 34. Qxc5+ 1-0

[Event "Ogolnopolski Turniej Fianchetto"]
[Site "Jastrzebia Gora"]
[Date "2015.??.??"]
[Round "3.7"]
[White "Szydlowski, Wiktor"]
[Black "Zminda, Bogdan"]
[Result "0-1"]
[WhiteElo "1787"]
[BlackElo "1944"]
[PlyCount "88"]
[EventDate "2015.??.??"]

1. e4 c5 2. Nf3 Nc6 3. g3 g6 4. Bg2 Bg7 5. O-O Nf6 6. d3 d5 7. Nc3 dxe4 8. dxe4
Qxd1 9. Rxd1 Bg4 10. h3 Bxf3 11. Bxf3 Nd4 12. Bg2 O-O-O 13. e5 Ne2+ 14. Kh2
Rxd1 15. Nxd1 Nd7 16. f4 g5 17. Nc3 Nxc3 18. bxc3 gxf4 19. gxf4 Bh6 20. Be3
Nxe5 21. Bxc5 Bxf4+ 22. Kg1 b6 23. Bxe7 Re8 24. Bh4 Ng6 25. Bf6 Be5 26. Bg5
Bxc3 27. Rd1 f6 28. Bh6 Re2 29. Kf1 Rxc2 30. Be4 Rxa2 31. Bf5+ Kc7 32. Rd7+ Kc6
33. Rxh7 Ne5 34. Rh8 Bd4 35. Rc8+ Kb5 36. Be4 f5 37. Bb1 Rh2 38. Bc2 Bc5 39.
Rxc5+ bxc5 40. Bxf5 Nf3 41. Bf4 Ra2 42. Bd3+ c4 43. Be2 Nd4 44. Bg4 c3 0-1

[Event "Ogolnopolski Turniej Fianchetto"]
[Site "Jastrzebia Gora"]
[Date "2015.??.??"]
[Round "3.8"]
[White "Winiarski, Kazimierz"]
[Black "Karolak, Jan"]
[Result "1-0"]
[WhiteElo "1934"]
[BlackElo "1832"]
[PlyCount "41"]
[EventDate "2015.??.??"]

1. e4 Nf6 2. e5 Nd5 3. d4 d6 4. Nf3 Bg4 5. Bc4 e6 6. O-O Nb6 7. Be2 Be7 8. Bf4
O-O 9. Nc3 Nc6 10. a4 a5 11. Nb5 d5 12. h3 Bh5 13. c3 h6 14. Nh2 Bg6 15. Bd3
Bg5 16. Bxg5 Qxg5 17. Nxc7 Rac8 18. Nb5 Nc4 19. Bxc4 dxc4 20. Nd6 Rc7 21. f4
1-0

[Event "Ogolnopolski Turniej Fianchetto"]
[Site "Jastrzebia Gora"]
[Date "2015.??.??"]
[Round "3.9"]
[White "Skladzien, Romuald"]
[Black "Krawcewicz, Lucyna"]
[Result "1/2-1/2"]
[WhiteElo "1762"]
[BlackElo "1874"]
[PlyCount "25"]
[EventDate "2015.??.??"]

1. d4 d5 2. c4 e6 3. Nc3 Nf6 4. Nf3 c5 5. cxd5 exd5 6. dxc5 Bxc5 7. e3 O-O 8.
Be2 Nc6 9. a3 d4 10. exd4 Nxd4 11. Nxd4 Bxd4 12. O-O Bxc3 13. Qxd8 1/2-1/2

[Event "Ogolnopolski Turniej Fianchetto"]
[Site "Jastrzebia Gora"]
[Date "2015.??.??"]
[Round "3.10"]
[White "Chojnowski, Marcin"]
[Black "Wroblewski, Mieczyslaw"]
[Result "1-0"]
[WhiteElo "2033"]
[BlackElo "1773"]
[PlyCount "77"]
[EventDate "2015.??.??"]

1. e4 c5 2. Nf3 d6 3. d4 cxd4 4. Nxd4 Nf6 5. Nc3 a6 6. h3 b5 7. g4 Bb7 8. Bg2
h6 9. O-O e6 10. f4 b4 11. e5 Bxg2 12. Kxg2 bxc3 13. exf6 cxb2 14. Bxb2 gxf6
15. Re1 Qd7 16. Qf3 Ra7 17. Rab1 Qb7 18. Nxe6 Qxf3+ 19. Kxf3 fxe6 20. Bxf6 Rg8
21. Rxb8+ Kf7 22. g5 Rg6 23. Reb1 hxg5 24. fxg5 Bg7 25. R1b7+ Rxb7 26. Rxb7+
Kg8 27. Bxg7 Rxg7 28. Rxg7+ Kxg7 29. c4 Kg6 30. Kg4 a5 31. h4 a4 32. h5+ Kf7
33. a3 Kg7 34. g6 Kf6 35. Kf4 Kg7 36. Kg5 Kg8 37. h6 Kh8 38. Kf6 e5 39. Kf7 1-0

[Event "Ogolnopolski Turniej Fianchetto"]
[Site "Jastrzebia Gora"]
[Date "2015.??.??"]
[Round "3.11"]
[White "Woda, Janusz"]
[Black "Matuszczyk, Krystian"]
[Result "0-1"]
[WhiteElo "1588"]
[BlackElo "1970"]
[PlyCount "74"]
[EventDate "2015.??.??"]

1. b4 d6 2. Bb2 Nd7 3. c4 Ngf6 4. e3 g6 5. Nf3 Bg7 6. Nc3 c6 7. Rc1 O-O 8. Bd3
e5 9. Bb1 Re8 10. O-O a6 11. a4 Rb8 12. h3 b6 13. Nh2 Nf8 14. Ne4 Nxe4 15. Bxe4
d5 16. cxd5 cxd5 17. Bb1 d4 18. Ba2 Be6 19. Bb3 Qd6 20. Bxe6 Nxe6 21. Qb3 a5
22. Ba3 Bf8 23. Rb1 b5 24. axb5 Rxb5 25. Qa4 Reb8 26. Rfc1 axb4 27. Bb2 Nc5 28.
Qa7 R5b7 29. Qa2 Nd3 30. Rf1 b3 31. Qa4 Nxb2 32. Rxb2 Qa3 33. Qxa3 Bxa3 34.
Rbb1 b2 35. Nf3 dxe3 36. dxe3 e4 37. Ng5 Re8 0-1

[Event "Ogolnopolski Turniej Fianchetto"]
[Site "Jastrzebia Gora"]
[Date "2015.??.??"]
[Round "3.12"]
[White "Zelajtys, Jozef"]
[Black "Marczukiewicz, Jerzy"]
[Result "0-1"]
[WhiteElo "1581"]
[BlackElo "1932"]
[PlyCount "80"]
[EventDate "2015.??.??"]

1. e4 c5 2. g3 Nc6 3. Bg2 g6 4. Nc3 Bg7 5. Nf3 d6 6. Ne2 Nf6 7. d3 Bg4 8. h3
Bd7 9. c3 O-O 10. Be3 c4 11. Nfd4 Ne5 12. dxc4 Nxc4 13. Bc1 Qb6 14. O-O Nxb2
15. Bxb2 Qxb2 16. Rb1 Qxa2 17. Rxb7 a5 18. Qd3 Rfc8 19. f4 e5 20. Nb5 Bxb5 21.
Rxb5 Qc4 22. Qxc4 Rxc4 23. Ra1 Nxe4 24. Rb4 axb4 25. Rxa8+ Bf8 26. cxb4 Rxb4
27. fxe5 dxe5 28. Bxe4 Rxe4 29. Kf2 Kg7 30. Kf3 Rb4 31. Rc8 Rb5 32. Nc3 Rc5 33.
Rxc5 Bxc5 34. Nd5 h5 35. Ke4 Bd4 36. g4 Kh6 37. Nf6 hxg4 38. Nxg4+ Kg5 39. Kf3
f5 40. Nh2 e4+ 0-1

[Event "Ogolnopolski Turniej Fianchetto"]
[Site "Jastrzebia Gora"]
[Date "2015.??.??"]
[Round "3.13"]
[White "Les, Czeslaw"]
[Black "Grabczynski, Zdzislaw"]
[Result "0-1"]
[WhiteElo "1874"]
[BlackElo "1659"]
[PlyCount "56"]
[EventDate "2015.??.??"]

1. d4 Nf6 2. Bg5 g6 3. Bxf6 exf6 4. e3 Bg7 5. Bd3 c6 6. Ne2 O-O 7. h4 h5 8. Nd2
f5 9. Nf4 d5 10. Nxh5 gxh5 11. Qxh5 Qf6 12. g4 Qh6 13. Qxh6 Bxh6 14. g5 Bg7 15.
h5 Be6 16. O-O-O Nd7 17. Rdg1 Rfe8 18. h6 Bh8 19. g6 fxg6 20. Rxg6+ Kf7 21.
Rhg1 Rg8 22. R6g3 Rxg3 23. fxg3 Rg8 24. Nf3 b6 25. Nh4 Kf6 26. Rf1 Rxg3 27.
Nxf5 Bxf5 28. Bxf5 Ke7 0-1

[Event "Ogolnopolski Turniej Fianchetto"]
[Site "Jastrzebia Gora"]
[Date "2015.??.??"]
[Round "3.14"]
[White "Relidzynski, Tadeusz"]
[Black "Piasecki, Stanislaw"]
[Result "1-0"]
[WhiteElo "1833"]
[BlackElo "1589"]
[PlyCount "41"]
[EventDate "2015.??.??"]

1. e4 c6 2. d4 d5 3. Nd2 e6 4. Ngf3 Nd7 5. Bd3 c5 6. c3 Nb6 7. O-O c4 8. Bc2
Be7 9. b3 Bd7 10. Ne5 Nf6 11. Nxd7 Nfxd7 12. e5 O-O 13. Qg4 Qc8 14. Qh3 f5 15.
exf6 Nxf6 16. Re1 cxb3 17. axb3 Kf7 18. Nf3 h6 19. Ne5+ Ke8 20. Bg6+ Kd8 21.
Nf7+ 1-0

[Event "Ogolnopolski Turniej Fianchetto"]
[Site "Jastrzebia Gora"]
[Date "2015.??.??"]
[Round "3.15"]
[White "Mettel, Werner"]
[Black "Fojcik, Krzysztof"]
[Result "1/2-1/2"]
[WhiteElo "1824"]
[BlackElo "1582"]
[PlyCount "41"]
[EventDate "2015.??.??"]

1. e4 e6 2. d4 d5 3. e5 c5 4. c3 Nc6 5. Nf3 Qb6 6. Qb3 Qxb3 7. axb3 cxd4 8.
cxd4 Bb4+ 9. Bd2 Nge7 10. Bb5 Bd7 11. Bxc6 Nxc6 12. Bc3 Rc8 13. O-O O-O 14. h3
Rc7 15. Rc1 Na5 16. Nbd2 Rfc8 17. Kh2 b6 18. Kg1 Bxc3 19. bxc3 Nc6 20. Rcb1 Kf8
21. Ra3 1/2-1/2

[Event "Ogolnopolski Turniej Fianchetto"]
[Site "Jastrzebia Gora"]
[Date "2015.??.??"]
[Round "3.16"]
[White "Kondrusik, Aleksander"]
[Black "Najdzionek, Boleslaw"]
[Result "1/2-1/2"]
[WhiteElo "1554"]
[BlackElo "1818"]
[PlyCount "79"]
[EventDate "2015.??.??"]

1. e4 c5 2. Nc3 Nc6 3. g3 e6 4. Bg2 Nf6 5. Nge2 a6 6. d3 Qc7 7. O-O b5 8. b3
Bb7 9. f4 d6 10. h3 Rc8 11. Be3 Be7 12. Qd2 O-O 13. f5 Nd4 14. Rac1 exf5 15.
Nxd4 cxd4 16. Bxd4 fxe4 17. dxe4 b4 18. Nd5 Nxd5 19. exd5 Qa5 20. c4 bxc3 21.
Bxc3 Qd8 22. h4 Rc5 23. Bd4 Rxc1 24. Rxc1 Bf6 25. Bxf6 Qxf6 26. Rf1 Qe5 27. Kh2
Re8 28. Qf4 f6 29. Qxe5 Rxe5 30. Rd1 Re2 31. Kh3 Bc8+ 32. Kh2 Rxa2 33. Rc1 Bb7
34. Kh3 Rd2 35. b4 Bxd5 36. Bxd5+ Rxd5 37. Rc6 h5 38. Rxa6 g5 39. hxg5 Rxg5 40.
Rxd6 1/2-1/2